000 00419 a2200145 4500
005 20260129163732.0
020 _a978-0443237355
040 _bEng
082 _a621.314 FAN
100 _aFang, Jingyang. Liu, Jia and et
_93911
245 _aGrid-forming Converters: Principles, Control and Applications in Modern Power Systems
260 _aUnited States:
_bAcademic Press,
_c2025.
300 _avii, 309p;
942 _cREF
999 _c5565
_d5560